Estadísticas para Ciudades musulmanas más grandes

Haz click aquí para intentar la prueba.

Estadísticas generales

  • Esta prueba ha sido intentada 1.627 veces
    (592 desde el último reinicio)
  • La puntuación promedio es 14 de 27

Respuestas en el mapa

Las respuestas están codificadas por una escala verde-roja en el mapa de la prueba según el % correcto abajo.
 

Estadísticas de respuestas

PoblaciónCiudad% Correcto
22,5 MEl Cairo
92%
16,5 MTeherán
84%
15,9 MEstambul
81%
7,65 MBagdad
79%
7,50 MRiad
77%
4,25 MArgel
76%
5,15 MAnkara
74%
4,78 MCasablanca
71%
5,95 MDubái
69%
29,2 MYakarta
68%
5,05 MKabul
66%
22,5 MDaca
61%
6,00 MAmán
53%
20,9 MKarachi
53%
7,05 MJartum
51%
6,20 MAlejandría
48%
14,5 MLahore
39%
4,78 MKuwait
38%
3,93 MDakar
35%
3,93 MYeda
25%
5,90 MSurabaya
24%
6,95 MBandung
23%
5,00 MChittagong
20%
5,20 MKano
19%
6,25 MDar es-Salam
17%
4,20 MMedan
17%
4,05 MFaisalabad
15%

Distribución de puntuación

Porcentaje por número respondido

Porcentaje de gente con cada puntuación

Historial de tus puntuaciones

No has intentado esta prueba desde el último reinicio